Posúdenie vplyvu zmeny spôsobu využívania územia na tvorbu odtoku na povodí Slanej

Bibliographic Details
Main Authors: Hlavčová, Kamila, 1959- (Author), Szolgay, Ján, 1953- (Author), Kohnová, Silvia, 1960- (Author), Horvát, Oliver (Author)
Format: Article
Language:Slovak
PhysicalDescription:Grafy, mp., tab.
ISSN:1335-6291
Subjects:

MARC

LEADER 00000nab a2200000 a 4500
001 vtls008960010
003 SK-MaSNL
005 20260304233813.0
008 250505c2006 xo |||||||||||000 b|slo
015 |a SNBRB2007/03  |2 snkbucl 
035 |a (uuid)37cf001d-e093-468b-ab4b-32e761bf7cab 
035 |a urn:nbn:sk:snk-abzu2 
035 |a (urnnbn)urn:nbn:sk:snk:ar-a06jwi 
038 |a SNKBUCL 
040 |a SNKBUCL  |b slo  |c SNKBUCL  |e AACR2 
041 0 |a slo  |b eng 
044 |a xo  |c SK 
080 |a 556.51.013:911.5  |x (437.6)  |x (282.243.7)  |2 1997 
080 |a 556.16.013  |2 1997 
080 |a 911.5  |2 1997 
245 0 0 |a Posúdenie vplyvu zmeny spôsobu využívania územia na tvorbu odtoku na povodí Slanej  |c Kamila Hlavčová ... [et al.] 
300 |b Grafy, mp., tab. 
504 |a Bibliogr. odkazy 
546 |a Res. angl. 
650 0 7 |a povodia  |2 snkbucl  |9 3749 
650 0 7 |a odtok vody  |2 snkbucl  |9 68580 
650 0 7 |a krajina  |2 snkbucl  |9 15725 
650 0 7 |a využívanie krajiny  |2 snkbucl  |9 186151 
650 0 7 |a hydrologické modely  |2 snkbucl  |9 26759 
651 7 |a Slaná (Slovensko a Maďarsko : rieka)  |2 snkbucl  |9 135655 
700 1 |a Hlavčová, Kamila,  |d 1959-  |4 aut  |9 211393 
700 1 |a Szolgay, Ján,  |d 1953-  |4 aut  |9 200022 
700 1 |a Kohnová, Silvia,  |d 1960-  |4 aut  |9 12220 
700 1 |a Horvát, Oliver  |4 aut  |9 775090 
773 0 |t Acta hydrologica slovaca  |g Roč. 7, č. 1 (2006), s. 96-107  |x 1335-6291 
850 |a Slovenská národná knižnica 
852 |a Slovenská národná knižnica 
954 |a odborná, vedecká literatúra pôvodná (slovenská)  |2 lita 
958 |a article27 
958 |a NB 
958 |a SK 
958 |a OND 
958 |a EUIPO 
999 |c 3200311  |d 3202241